Los obispos auxiliares

Bewaard in:
Bibliografische gegevens
Hoofdauteur: Delgado, Gregorio (Auteur)
Formaat: Boek
Taal:Spaans
Gepubliceerd in: Pamplona Universidad de Navarra 1979
Onderwerpen:
Tags: Voeg label toe
Geen labels, Wees de eerste die dit record labelt!

MARC

LEADER 00000nam a2200000 a 4500
001 UCX2230
003 CL-VaPUC
008 910404e19790000SP |||||||||||||||||spa|d
082 0 4 |a 262.9  |b DEL  |2 21 
100 0 |a Delgado, Gregorio  |e author  |9 318097 
245 1 4 |a Los obispos auxiliares 
300 |a 241 p 
942 |c BK 
945 |d 19910404 00:00:00 
260 |a Pamplona  |b Universidad de Navarra  |c 1979 
650 7 |a OBISPOS AUXILIARES  |2 CL-VaPUC  |9 318098 
650 7 |a OBISPOS DERECHO CANONICO  |2 CL-VaPUC  |9 318099 
583 |a last modification  |c 19910404 00:00:00  |k Rodrigo Vera 
999 |c 223300  |d 223298 
952 |0 0  |1 0  |4 0  |6 262_900000000000000_DEL_1979  |7 0  |8 A  |9 218929  |a BIBTEO  |b BIBTEO  |d 2019-11-15  |i 2877287  |o 262.9 DEL 1979  |p 2877287  |r 2025-01-17  |w 2019-11-15  |y BK  |k ICR